00449nmm a2200157Ia 4500008004100000020001800041041000800059100002200067245002400089264005500113300001800168650003000186856005100216942000700267999001700274251105s9999||||xx |||||||||||||||||und|| a9789562845960 aspa aHunneus, Virginia 0aAmores carnívoros a[Santiago de Chile, Chile] :bRil editores, c2008 a100 páginas aLatin American literature uhttps://public.digitaliapublishing.com/a/29731 cCF c94411d94411